|
|
|
|
| LEADER |
00000nab a2200000 a 4500 |
| 001 |
vtls000462177 |
| 003 |
SK-MaSNL |
| 005 |
20260318122744.0 |
| 008 |
160202c1992 xo 0 hun |
| 015 |
|
|
|a SNBRB19rr/mm-uuuuu
|
| 035 |
|
|
|a CL0462310
|
| 040 |
|
|
|a SNKBUCL
|b slo
|c SNKBUCL
|e AACR2
|
| 041 |
0 |
|
|a hun
|
| 044 |
|
|
|a xo
|c SK
|
| 080 |
|
|
|a 75.071.1:061.4
|2 1981
|
| 080 |
|
|
|a 069.5
|2 1981
|
| 080 |
|
|
|a 069.6.02
|2 1981
|
| 080 |
|
|
|a 73/77
|2 1981
|
| 080 |
|
|
|a 929 Kassák, Lajos
|2 1981
|
| 100 |
1 |
|
|a Tallósi, Béla,
|d 1958-
|4 aut
|
| 245 |
1 |
3 |
|a Az európaiság eszméjével
|b Kassák - kiállítás a Szlovák Nemzeti Galériában
|c Béla Tallósi
|
| 600 |
1 |
7 |
|a Kassák, Lajos,
|d 1887-1967
|2 snkbucl
|9 227932
|
| 610 |
2 |
7 |
|a Slovenská národná galéria
|2 snkbucl
|9 59840
|
| 650 |
0 |
7 |
|a výstavy
|2 snkbul
|9 2780
|
| 655 |
|
7 |
|a články z novín a časopisov
|2 snkbucl
|9 267496
|
| 773 |
0 |
|
|t Új szó
|g Roč. 45, č. 92 (17. 4. 1992), s. 7
|
| 850 |
|
|
|a Slovenská národná knižnica v Martine
|a MTA001
|
| 852 |
|
|
|a SNK
|b KIS3GCP
|
| 958 |
|
|
|a RK
|
| 958 |
|
|
|a HU
|
| 992 |
|
|
|a RBX
|
| 999 |
|
|
|c 3153421
|d 3155351
|